000 00430nam a2200169Ia 4500
005 20250326130632.0
008 250326s9999 xx 000 0 und d
037 _aTextbook
040 _aFMSL
_beng
_cFMSL
041 _aeng
_2eng
084 _aX:8 P8
_qFMSL
100 _aGupta P
245 0 _aBusiness innovation
_cGupta P
260 _aN
_bN, D S. Chand
_c2008
942 _cTB
_hX:8 P8
999 _c1283407
_d1283407